| 000 | 00507nam a2200193Ia 4500 | ||
|---|---|---|---|
| 008 | 180207s9999 xx 000 0 und d | ||
| 020 | _a9781570647208 | ||
| 050 | _bB531 2001 | ||
| 100 | _aBernthal, Mark S. | ||
| 245 | _aGo to the pet shop / | ||
| 245 | _cby Mark S. Bernthal ; photography by Dennis Full. | ||
| 260 | _aNew York : | ||
| 260 | _bScholastic, | ||
| 260 | _c2001 | ||
| 300 | _aunpaged : | ||
| 300 | _bcolor illustrations ; | ||
| 300 | _c18cm. | ||
| 440 | _aBarney & BJ go to series. | ||
| 999 |
_c355819 _d355819 |
||